Cuet: (Record no. 199380)

MARC details
000 -LEADER
fixed length control field 00684nam a22002057a 4500
005 - DATE AND TIME OF LATEST TRANSACTION
control field 20231201143346.0
010 ## - LCCN (DPL NO)
LC control number ENG-138535
020 ## - INTERNATIONAL STANDARD BOOK NUMBER
Terms of availability 349.00
International Standard Book Number 9789394406209
035 ## - SYSTEM CONTROL NUMBER
System control number EN-122067
037 ## - SOURCE OF ACQUISITION
Source of stock number/acquisition DBAD/PUB
082 ## - DEWEY DECIMAL CLASSIFICATION NUMBER
Classification number 540
100 ## - MAIN ENTRY--PERSONAL NAME
Personal name Verma, Dr. N.K
245 ## - TITLE STATEMENT
Title Cuet:
Remainder of title Common University Entrance Test Chemistry/
Statement of responsibility, etc by Dr. N.K. Verma , S.K. Khana {and} Dr. B.Kapila
260 ## - PUBLICATION, DISTRIBUTION, ETC. (IMPRINT)
Place of publication, distribution, etc Daryaganj
Name of publisher, distributor, etc Laxmi Publications
Date of publication, distribution, etc 2022
270 ## - ADDRESS
City New Delhi
Address 113,Golden House, Gurudwara Road,
Postal code 110002
Telephone number 91-11-43532500
300 ## - PHYSICAL DESCRIPTION
Extent 257 ,M1- 27p.
Dimensions 27cm(pbk)
700 ## - ADDED ENTRY--PERSONAL NAME
Personal name Khana, S.K
9 (RLIN) 59319
700 ## - ADDED ENTRY--PERSONAL NAME
Personal name Kapila, Dr.B
9 (RLIN) 59322
942 ## - ADDED ENTRY ELEMENTS (KOHA)
Source of classification or shelving scheme Dewey Decimal Classification
Item type English Books
Classification part 540
Call number suffix VER
Holdings
Withdrawn status Lost status Not for loan Collection code Home library Current library Date acquired Source of acquisition Cost, normal purchase price Full call number Barcode Copy number Cost, replacement price Koha item type
      Non-fiction Vinoba Puri Vinoba Puri 01/12/2023 DBAD/PUB 349.00 540 VER EN-122067 1 349.00 English Books

© Delhi Public Library
Hit Counter
free hit counter